000 00675nam a2200277Ia 4500
005 20260324133245.0
008 008 260324s9999 xx 000 0 eng d
020 _a9780429076886
037 _aEBOOK
040 _aCRL
040 _beng
040 _cCRL
041 _2eng
041 _aeng
084 _qCRL
100 _aRoger Bertolotti; Keiyo Ozawa; H. Kirk Hammond
_91192395
245 0 _aPioneering Stem Cell/Gene Therapy Trials
260 _bTaylor and Francis
260 _c2003
365 _a
365 _b480
856 _uhttp://www.taylorfrancis.com/books/9780429076886
942 _cEBOOK
999 _c1791277
_d1791277